[Event "DVM U10 2023"]
[Site "Magdeburg GER"]
[Date "2023.12.28"]
[Round "4"]
[White "Tu, Tiffany"]
[Black "Brückner, Julian"]
[Result "1/2-1/2"]
[Termination "normal"]
[Board "14.1"]
[WhiteElo "1169"]
[BlackElo "1592"]
[WhiteClock "00:04:12"]
[BlackClock "00:03:12"]
[WhiteTeam "SF 59 Kornwestheim"]
[BlackTeam "SV Roter Turm Halle"]
[PlyCount "140"]
[WhiteFideId "34628576"]
[BlackFideId "34630031"]
[EventCountry "GER"]
[EventRounds "7"]
[EventType "team-swiss"]
[EventDate "2023.12.27"]

1. e4 {[%clk 00:55:05]} {[%emt 01:14:22]} e5 {[%clk 00:55:05]} {[%emt
00:00:09]} 2. Nf3 {[%clk 00:55:05]} {[%emt 00:00:05]} Nc6 {[%clk 00:54:57]}
{[%emt 00:00:26]} 3. Bb5 {[%clk 00:55:10]} {[%emt 00:00:07]} Nf6 {[%clk
00:54:38]} {[%emt 00:00:24]} 4. d3 {[%clk 00:55:00]} {[%emt 00:00:14]} a6
{[%clk 00:54:29]} {[%emt 00:00:14]} 5. Ba4 {[%clk 00:54:56]} {[%emt 00:00:10]}
b5 {[%clk 00:54:22]} {[%emt 00:00:12]} 6. Bb3 {[%clk 00:54:56]} {[%emt
00:00:04]} Be7 {[%clk 00:54:09]} {[%emt 00:00:18]} 7. c3 {[%clk 00:54:55]}
{[%emt 00:00:07]} d6 {[%clk 00:54:07]} {[%emt 00:00:07]} 8. Nbd2 {[%clk
00:54:53]} {[%emt 00:00:07]} O-O {[%clk 00:53:47]} {[%emt 00:00:25]} 9. O-O
{[%clk 00:54:46]} {[%emt 00:00:11]} Na5 {[%clk 00:52:46]} {[%emt 00:01:06]} 10.
Bc2 {[%clk 00:54:42]} {[%emt 00:00:09]} c5 {[%clk 00:52:31]} {[%emt 00:00:20]}
11. Re1 {[%clk 00:54:33]} {[%emt 00:00:14]} Bg4 {[%clk 00:51:02]} {[%emt
00:01:35]} 12. Nf1 {[%clk 00:54:13]} {[%emt 00:00:24]} Rc8 {[%clk 00:46:05]}
{[%emt 00:05:03]} 13. Ng3 {[%clk 00:53:57]} {[%emt 00:00:20]} c4 {[%clk
00:42:12]} {[%emt 00:03:59]} 14. d4 {[%clk 00:53:07]} {[%emt 00:00:55]} exd4
{[%clk 00:41:52]} {[%emt 00:00:24]} 15. cxd4 {[%clk 00:52:39]} {[%emt
00:00:33]} Nc6 {[%clk 00:39:30]} {[%emt 00:02:25]} 16. Be3 {[%clk 00:49:42]}
{[%emt 00:03:03]} Nb4 {[%clk 00:37:21]} {[%emt 00:02:16]} 17. Bb1 {[%clk
00:48:23]} {[%emt 00:01:21]} d5 {[%clk 00:35:54]} {[%emt 00:01:35]} 18. a3
{[%clk 00:46:07]} {[%emt 00:02:21]} dxe4 {[%clk 00:33:33]} {[%emt 00:02:25]}
19. Nxe4 {[%clk 00:45:30]} {[%emt 00:00:43]} Nbd5 {[%clk 00:32:19]} {[%emt
00:01:19]} 20. Bd2 {[%clk 00:42:08]} {[%emt 00:03:20]} Nxe4 {[%clk 00:31:03]}
{[%emt 00:01:27]} 21. Bxe4 {[%clk 00:40:16]} {[%emt 00:01:57]} Nf6 {[%clk
00:28:34]} {[%emt 00:02:34]} 22. h3 {[%clk 00:31:00]} {[%emt 00:09:22]} Nxe4
{[%clk 00:23:42]} {[%emt 00:04:56]} 23. Rxe4 {[%clk 00:30:42]} {[%emt
00:00:23]} Bf5 {[%clk 00:23:31]} {[%emt 00:00:16]} 24. Re5 {[%clk 00:27:45]}
{[%emt 00:03:02]} Bd3 {[%clk 00:22:44]} {[%emt 00:00:52]} 25. Bf4 {[%clk
00:26:02]} {[%emt 00:01:47]} Bf6 {[%clk 00:21:23]} {[%emt 00:01:28]} 26. Re1
{[%clk 00:23:59]} {[%emt 00:02:07]} Bxd4 {[%clk 00:21:12]} {[%emt 00:00:16]}
27. Nxd4 {[%clk 00:23:31]} {[%emt 00:00:32]} Qxd4 {[%clk 00:20:46]} {[%emt
00:00:33]} 28. Be5 {[%clk 00:23:07]} {[%emt 00:00:28]} Qd5 {[%clk 00:19:38]}
{[%emt 00:01:13]} 29. Qg4 {[%clk 00:22:07]} {[%emt 00:01:05]} f6 {[%clk
00:19:07]} {[%emt 00:00:36]} 30. Bxf6 {[%clk 00:21:51]} {[%emt 00:00:21]} Qf7
{[%clk 00:18:48]} {[%emt 00:00:24]} 31. Bd4 {[%clk 00:20:27]} {[%emt 00:01:21]}
Rce8 {[%clk 00:17:47]} {[%emt 00:01:15]} 32. Bc5 {[%clk 00:18:40]} {[%emt
00:01:51]} Bf5 {[%clk 00:15:23]} {[%emt 00:02:29]} 33. Qf3 {[%clk 00:15:55]}
{[%emt 00:02:36]} Rxe1+ {[%clk 00:14:03]} {[%emt 00:01:39]} 34. Rxe1 {[%clk
00:15:46]} {[%emt 00:00:14]} Rd8 {[%clk 00:13:00]} {[%emt 00:00:55]} 35. Re7
{[%clk 00:14:26]} {[%emt 00:01:38]} Qf6 {[%clk 00:09:07]} {[%emt 00:03:56]} 36.
Bb6 {[%clk 00:10:27]} {[%emt 00:04:07]} Qxb6 {[%clk 00:05:23]} {[%emt
00:03:49]} 37. Qxf5 {[%clk 00:10:20]} {[%emt 00:00:12]} Rd1+ {[%clk 00:05:10]}
{[%emt 00:00:18]} 38. Kh2 {[%clk 00:10:13]} {[%emt 00:00:11]} Qd6+ {[%clk
00:04:50]} {[%emt 00:00:24]} 39. Qe5 {[%clk 00:08:42]} {[%emt 00:01:35]} Qxe5+
{[%clk 00:04:45]} {[%emt 00:00:13]} 40. Rxe5 {[%clk 00:08:41]} {[%emt
00:00:06]} Rd2 {[%clk 00:04:47]} {[%emt 00:00:03]} 41. Re8+ {[%clk 00:07:51]}
{[%emt 00:00:55]} Kf7 {[%clk 00:04:49]} {[%emt 00:00:02]} 42. Ra8 {[%clk
00:07:46]} {[%emt 00:00:10]} Rxb2 {[%clk 00:04:47]} {[%emt 00:00:07]} 43. Rxa6
{[%clk 00:07:39]} {[%emt 00:00:13]} Rxf2 {[%clk 00:04:17]} {[%emt 00:00:34]}
44. Rb6 {[%clk 00:07:22]} {[%emt 00:00:23]} c3 {[%clk 00:03:55]} {[%emt
00:00:27]} 45. Rxb5 {[%clk 00:06:55]} {[%emt 00:00:33]} Ra2 {[%clk 00:03:50]}
{[%emt 00:00:09]} 46. Rb3 {[%clk 00:06:34]} {[%emt 00:00:26]} Rb2 {[%clk
00:03:14]} {[%emt 00:00:40]} 47. Rxc3 {[%clk 00:06:29]} {[%emt 00:00:10]} Ra2
{[%clk 00:03:07]} {[%emt 00:00:12]} 48. Rc7+ {[%clk 00:06:11]} {[%emt
00:00:23]} Kf6 {[%clk 00:03:04]} {[%emt 00:00:09]} 49. Ra7 {[%clk 00:06:08]}
{[%emt 00:00:05]} g5 {[%clk 00:02:57]} {[%emt 00:00:14]} 50. Kg3 {[%clk
00:05:58]} {[%emt 00:00:13]} h5 {[%clk 00:02:54]} {[%emt 00:00:10]} 51. Ra6+
{[%clk 00:05:19]} {[%emt 00:00:45]} Kf5 {[%clk 00:02:54]} {[%emt 00:00:05]} 52.
Kf3 {[%clk 00:04:34]} {[%emt 00:00:49]} g4+ {[%clk 00:02:30]} {[%emt 00:00:29]}
53. hxg4+ {[%clk 00:04:31]} {[%emt 00:00:08]} hxg4+ {[%clk 00:02:33]} {[%emt
00:00:02]} 54. Kg3 {[%clk 00:04:29]} {[%emt 00:00:05]} Kg5 {[%clk 00:02:37]}
{[%emt 00:00:04]} 55. Ra5+ {[%clk 00:04:29]} {[%emt 00:00:05]} Kf6 {[%clk
00:02:34]} {[%emt 00:00:08]} 56. Kxg4 {[%clk 00:04:23]} {[%emt 00:00:11]} Rxg2+
{[%clk 00:02:37]} {[%emt 00:00:02]} 57. Kf3 {[%clk 00:04:27]} Ra2 {[%clk
00:02:37]} {[%emt 00:00:05]} 58. Ke3 {[%clk 00:04:31]} {[%emt 00:00:01]} Ke6
{[%clk 00:02:38]} {[%emt 00:00:04]} 59. Kd4 {[%clk 00:04:25]} {[%emt 00:00:07]}
Kd6 {[%clk 00:02:42]} {[%emt 00:00:06]} 60. Ra6+ {[%clk 00:04:22]} {[%emt
00:00:08]} Kc7 {[%clk 00:02:44]} {[%emt 00:00:03]} 61. Kc3 {[%clk 00:04:07]}
{[%emt 00:00:16]} Kb7 {[%clk 00:02:48]} {[%emt 00:00:04]} 62. Ra4 {[%clk
00:04:04]} {[%emt 00:00:09]} Kb6 {[%clk 00:02:51]} {[%emt 00:00:02]} 63. Kb3
{[%clk 00:04:04]} {[%emt 00:00:04]} Rh2 {[%clk 00:02:54]} {[%emt 00:00:02]} 64.
Rc4 {[%clk 00:03:55]} {[%emt 00:00:14]} Rh3+ {[%clk 00:02:56]} {[%emt
00:00:03]} 65. Rc3 {[%clk 00:03:59]} Rxc3+ {[%clk 00:03:00]} {[%emt 00:00:02]}
66. Kxc3 {[%clk 00:04:03]} {[%emt 00:00:01]} Ka5 {[%clk 00:03:02]} {[%emt
00:00:02]} 67. Kb3 {[%clk 00:04:07]} {[%emt 00:00:01]} Kb5 {[%clk 00:03:03]}
{[%emt 00:00:05]} 68. Kc3 {[%clk 00:04:07]} {[%emt 00:00:05]} Ka4 {[%clk
00:03:06]} {[%emt 00:00:01]} 69. Kb2 {[%clk 00:04:11]} {[%emt 00:00:02]} Kb5
{[%clk 00:03:09]} {[%emt 00:00:02]} 70. Kb3 {[%clk 00:04:12]} {[%emt 00:00:04]}
Ka5 {[%clk 00:03:12]} {[%emt 00:00:02]} 1/2-1/2

[Event "DVM U10 2023"]
[Site "Magdeburg GER"]
[Date "2023.12.28"]
[Round "4"]
[White "Meurer, Knut"]
[Black "Liu, Miran"]
[Result "1-0"]
[Termination "normal"]
[Board "14.2"]
[WhiteElo "1056"]
[BlackElo "903"]
[WhiteClock "00:21:30"]
[BlackClock "00:24:07"]
[WhiteTeam "SV Roter Turm Halle"]
[BlackTeam "SF 59 Kornwestheim"]
[PlyCount "115"]
[WhiteFideId "34623604"]
[BlackFideId "34612610"]
[EventCountry "GER"]
[EventRounds "7"]
[EventType "team-swiss"]
[EventDate "2023.12.27"]

1. d4 {[%clk 00:55:09]} d5 {[%clk 00:55:03]} {[%emt 00:00:07]} 2. c4 {[%clk
00:55:10]} {[%emt 00:00:03]} c6 {[%clk 00:54:53]} {[%emt 00:00:17]} 3. Nc3
{[%clk 00:55:09]} {[%emt 00:00:05]} Nf6 {[%emt 00:00:06]} 4. Bg5 {[%clk
00:55:07]} {[%emt 00:00:06]} h6 {[%clk 00:54:16]} {[%emt 00:00:42]} 5. Bh4
{[%clk 00:54:54]} {[%emt 00:00:18]} Bf5 {[%clk 00:53:31]} {[%emt 00:00:50]} 6.
Nf3 {[%clk 00:54:50]} {[%emt 00:00:09]} Nbd7 {[%clk 00:50:30]} {[%emt
00:03:07]} 7. e3 {[%clk 00:54:12]} {[%emt 00:00:42]} e6 {[%clk 00:50:10]}
{[%emt 00:00:26]} 8. Bd3 {[%clk 00:54:10]} {[%emt 00:00:06]} Bxd3 {[%clk
00:49:29]} {[%emt 00:00:45]} 9. Qxd3 {[%clk 00:54:06]} {[%emt 00:00:10]} Be7
{[%clk 00:48:41]} {[%emt 00:00:53]} 10. Bxf6 {[%clk 00:52:32]} {[%emt
00:01:25]} Nxf6 {[%clk 00:48:37]} {[%emt 00:00:23]} 11. cxd5 {[%clk 00:52:16]}
{[%emt 00:00:22]} cxd5 {[%clk 00:47:58]} {[%emt 00:00:44]} 12. O-O {[%clk
00:51:08]} {[%emt 00:01:12]} Rc8 {[%clk 00:47:43]} {[%emt 00:00:19]} 13. Qb5+
{[%clk 00:49:55]} {[%emt 00:01:20]} Qd7 {[%clk 00:47:23]} {[%emt 00:00:24]} 14.
Qxd7+ {[%clk 00:49:32]} {[%emt 00:00:29]} Nxd7 {[%clk 00:47:21]} {[%emt
00:00:07]} 15. Nb5 {[%clk 00:49:26]} {[%emt 00:00:11]} a6 {[%clk 00:46:53]}
{[%emt 00:00:33]} 16. Nc3 {[%clk 00:48:29]} {[%emt 00:01:01]} O-O {[%clk
00:46:42]} {[%emt 00:00:16]} 17. Rac1 {[%clk 00:47:54]} {[%emt 00:00:40]} Nf6
{[%clk 00:46:27]} {[%emt 00:00:20]} 18. Rc2 {[%clk 00:47:03]} {[%emt 00:00:57]}
Ne4 {[%clk 00:46:09]} {[%emt 00:00:23]} 19. Rfc1 {[%clk 00:46:42]} {[%emt
00:00:26]} Nd6 {[%clk 00:44:53]} {[%emt 00:01:20]} 20. Nd2 {[%clk 00:44:33]}
{[%emt 00:02:15]} Rfd8 {[%clk 00:42:23]} {[%emt 00:02:35]} 21. e4 {[%clk
00:44:06]} {[%emt 00:00:32]} Rc6 {[%clk 00:41:36]} {[%emt 00:00:52]} 22. exd5
{[%clk 00:42:27]} {[%emt 00:01:43]} exd5 {[%clk 00:40:51]} {[%emt 00:00:51]}
23. Nxd5 {[%clk 00:42:13]} {[%emt 00:00:19]} Bg5 {[%clk 00:39:44]} {[%emt
00:01:11]} 24. f4 {[%clk 00:38:52]} {[%emt 00:03:26]} Rxc2 {[%emt 00:01:31]}
25. Rxc2 {[%clk 00:38:27]} Be7 {[%clk 00:38:21]} {[%emt 00:00:32]} 26. Nxe7+
{[%clk 00:37:41]} {[%emt 00:00:51]} Kf8 {[%clk 00:38:11]} {[%emt 00:00:16]} 27.
Nd5 {[%clk 00:37:38]} {[%emt 00:00:07]} Ne8 {[%clk 00:37:44]} {[%emt 00:00:32]}
28. Ne3 {[%clk 00:36:10]} {[%emt 00:01:32]} Rxd4 {[%clk 00:37:22]} {[%emt
00:00:29]} 29. g3 {[%clk 00:34:45]} {[%emt 00:01:30]} Re4 {[%clk 00:36:31]}
{[%emt 00:00:56]} 30. Ndc4 {[%clk 00:34:25]} {[%emt 00:00:25]} b5 {[%clk
00:36:21]} {[%emt 00:00:15]} 31. Na5 {[%clk 00:31:45]} {[%emt 00:02:44]} Rxe3
{[%clk 00:35:43]} {[%emt 00:00:44]} 32. Nb7 {[%clk 00:31:42]} {[%emt 00:00:08]}
Re7 {[%clk 00:35:36]} {[%emt 00:00:11]} 33. Nc5 {[%clk 00:31:38]} {[%emt
00:00:10]} Rc7 {[%clk 00:34:41]} {[%emt 00:00:59]} 34. b4 {[%clk 00:31:02]}
{[%emt 00:00:42]} Kg8 {[%clk 00:32:34]} {[%emt 00:02:11]} 35. Re2 {[%clk
00:30:52]} {[%emt 00:00:15]} Nf6 {[%clk 00:31:48]} {[%emt 00:00:51]} 36. Nxa6
{[%clk 00:30:13]} {[%emt 00:00:45]} Rc6 {[%clk 00:31:09]} {[%emt 00:00:44]} 37.
Nc5 {[%clk 00:29:51]} {[%emt 00:00:27]} Rc7 {[%clk 00:30:31]} {[%emt 00:00:43]}
38. a4 {[%clk 00:28:56]} {[%emt 00:01:00]} bxa4 {[%clk 00:30:23]} {[%emt
00:00:12]} 39. Nxa4 {[%clk 00:28:53]} {[%emt 00:00:08]} Rb7 {[%clk 00:30:10]}
{[%emt 00:00:16]} 40. Rb2 {[%clk 00:28:46]} {[%emt 00:00:14]} Nd5 {[%clk
00:29:50]} {[%emt 00:00:24]} 41. Nc5 {[%clk 00:28:30]} {[%emt 00:00:23]} Rxb4
{[%clk 00:29:34]} {[%emt 00:00:20]} 42. Rd2 {[%clk 00:27:12]} {[%emt 00:01:23]}
Nf6 {[%clk 00:29:09]} {[%emt 00:00:30]} 43. Rd8+ {[%clk 00:26:47]} {[%emt
00:00:30]} Kh7 {[%clk 00:28:59]} {[%emt 00:00:15]} 44. Rf8 {[%clk 00:26:46]}
{[%emt 00:00:06]} Kg6 {[%clk 00:28:02]} {[%emt 00:01:02]} 45. f5+ {[%clk
00:26:18]} {[%emt 00:00:33]} Kxf5 {[%clk 00:27:32]} {[%emt 00:00:35]} 46. Rxf7
{[%clk 00:26:07]} {[%emt 00:00:16]} Kg6 {[%clk 00:27:27]} {[%emt 00:00:09]} 47.
Ra7 {[%clk 00:25:33]} {[%emt 00:00:40]} Rb5 {[%clk 00:27:09]} {[%emt 00:00:24]}
48. Ne6 {[%clk 00:25:12]} {[%emt 00:00:26]} Re5 {[%clk 00:26:27]} {[%emt
00:00:45]} 49. Rxg7+ {[%clk 00:24:43]} {[%emt 00:00:36]} Kf5 {[%emt 00:00:11]}
50. Nd4+ {[%emt 00:00:10]} Ke4 {[%clk 00:25:43]} {[%emt 00:00:28]} 51. Nc6
{[%clk 00:24:25]} {[%emt 00:00:22]} Rc5 {[%clk 00:25:34]} {[%emt 00:00:14]} 52.
Re7+ {[%clk 00:24:03]} {[%emt 00:00:27]} Kf5 {[%clk 00:25:23]} {[%emt
00:00:15]} 53. Nd4+ {[%clk 00:22:52]} {[%emt 00:01:17]} Kg6 {[%clk 00:00:00]}
{[%emt 00:01:28]} 54. Kg2 {[%clk 00:00:00]} {[%emt 00:00:39]} Rc4 {[%clk
00:00:00]} {[%emt 00:00:18]} 55. Nf3 {[%clk 00:00:00]} {[%emt 00:00:29]} Rc2+
{[%clk 00:24:53]} {[%emt 00:00:52]} 56. Kh3 {[%clk 00:22:20]} {[%emt 00:00:19]}
Rc3 {[%clk 00:24:42]} {[%emt 00:00:15]} 57. Nh4+ {[%clk 00:21:50]} {[%emt
00:00:35]} Kg5 {[%clk 00:24:07]} {[%emt 00:00:40]} 58. Re5# {[%clk 00:21:30]}
{[%emt 00:00:16]} 1-0

[Event "DVM U10 2023"]
[Site "Magdeburg GER"]
[Date "2023.12.28"]
[Round "4"]
[White "Gora, Jan"]
[Black "Greither, Flora"]
[Result "0-1"]
[Termination "normal"]
[Board "14.3"]
[WhiteElo "799"]
[BlackElo "1179"]
[WhiteClock "00:44:04"]
[BlackClock "00:43:16"]
[WhiteTeam "SF 59 Kornwestheim"]
[BlackTeam "SV Roter Turm Halle"]
[PlyCount "66"]
[BlackFideId "533000697"]
[EventCountry "GER"]
[EventRounds "7"]
[EventType "team-swiss"]
[EventDate "2023.12.27"]

1. e4 {[%clk 00:55:09]} {[%emt 00:02:12]} e5 {[%clk 00:55:04]} {[%emt
00:00:06]} 2. Nf3 {[%clk 00:55:10]} {[%emt 00:00:04]} Nc6 {[%clk 00:55:01]}
{[%emt 00:00:08]} 3. d4 {[%clk 00:55:13]} {[%emt 00:00:04]} exd4 {[%clk
00:54:55]} {[%emt 00:00:10]} 4. Nxd4 {[%clk 00:55:12]} {[%emt 00:00:06]} Bc5
{[%clk 00:54:52]} {[%emt 00:00:07]} 5. Be3 {[%clk 00:55:03]} {[%emt 00:00:16]}
Be7 {[%clk 00:54:36]} {[%emt 00:00:20]} 6. Nc3 {[%clk 00:54:48]} {[%emt
00:00:20]} Nf6 {[%clk 00:54:24]} {[%emt 00:00:17]} 7. Bc4 {[%clk 00:54:47]}
{[%emt 00:00:06]} O-O {[%clk 00:54:14]} {[%emt 00:00:15]} 8. O-O {[%clk
00:54:46]} {[%emt 00:00:06]} d6 {[%clk 00:54:04]} {[%emt 00:00:15]} 9. f3
{[%clk 00:53:51]} {[%emt 00:01:00]} Re8 {[%clk 00:53:29]} {[%emt 00:00:39]} 10.
Qd3 {[%clk 00:53:36]} {[%emt 00:00:21]} Nxd4 {[%clk 00:53:03]} {[%emt
00:00:31]} 11. Bxd4 {[%clk 00:53:30]} {[%emt 00:00:11]} c6 {[%clk 00:52:32]}
{[%emt 00:00:37]} 12. Be3 {[%clk 00:52:36]} {[%emt 00:00:58]} Be6 {[%clk
00:51:57]} {[%emt 00:00:37]} 13. e5 {[%clk 00:51:59]} {[%emt 00:00:44]} Bxc4
{[%clk 00:51:24]} {[%emt 00:00:39]} 14. Qxc4 {[%clk 00:51:55]} {[%emt
00:00:08]} dxe5 {[%clk 00:51:08]} {[%emt 00:00:21]} 15. Rad1 {[%clk 00:51:43]}
{[%emt 00:00:17]} Qc7 {[%clk 00:50:41]} {[%emt 00:00:31]} 16. f4 {[%clk
00:50:52]} {[%emt 00:00:57]} exf4 {[%clk 00:50:10]} {[%emt 00:00:36]} 17. Bxf4
{[%clk 00:50:50]} {[%emt 00:00:08]} Qb6+ {[%clk 00:50:02]} {[%emt 00:00:08]}
18. Kh1 {[%clk 00:50:23]} {[%emt 00:00:36]} Red8 {[%clk 00:49:22]} {[%emt
00:00:45]} 19. Qe2 {[%clk 00:49:39]} {[%emt 00:00:49]} Rxd1 {[%clk 00:49:00]}
{[%emt 00:00:28]} 20. Rxd1 {[%clk 00:49:34]} {[%emt 00:00:09]} Rd8 {[%clk
00:48:33]} {[%emt 00:00:31]} 21. Be3 {[%clk 00:49:29]} {[%emt 00:00:12]} Rxd1+
{[%clk 00:48:08]} {[%emt 00:00:30]} 22. Nxd1 {[%clk 00:49:29]} {[%emt
00:00:05]} Qa5 {[%clk 00:47:17]} {[%emt 00:00:53]} 23. a3 {[%clk 00:49:24]}
{[%emt 00:00:13]} Qe5 {[%clk 00:47:00]} {[%emt 00:00:17]} 24. Qd3 {[%clk
00:48:31]} {[%emt 00:01:03]} Nd5 {[%clk 00:46:21]} {[%emt 00:00:40]} 25. Qb3
{[%clk 00:47:38]} {[%emt 00:01:02]} Nxe3 {[%clk 00:45:48]} {[%emt 00:00:38]}
26. Nxe3 {[%clk 00:47:31]} {[%emt 00:00:12]} Qf4 {[%clk 00:45:08]} {[%emt
00:00:43]} 27. Qxb7 {[%clk 00:46:59]} {[%emt 00:00:40]} Qxe3 {[%clk 00:44:31]}
{[%emt 00:00:41]} 28. Qc8+ {[%clk 00:46:52]} {[%emt 00:00:12]} Bf8 {[%clk
00:44:26]} {[%emt 00:00:10]} 29. h3 {[%clk 00:46:48]} {[%emt 00:00:09]} Qc1+
{[%clk 00:43:58]} {[%emt 00:00:33]} 30. Kh2 {[%clk 00:45:49]} {[%emt 00:01:21]}
Qxc2 {[%clk 00:43:44]} {[%emt 00:00:12]} 31. Qg4 {[%clk 00:44:38]} {[%emt
00:01:15]} Bd6+ {[%clk 00:43:22]} {[%emt 00:00:27]} 32. Kh1 {[%clk 00:44:18]}
{[%emt 00:00:25]} Qc1+ {[%clk 00:43:16]} {[%emt 00:00:09]} 33. Qd1 {[%clk
00:44:04]} {[%emt 00:00:08]} Qxd1# {[%clk 00:43:16]} 0-1